| Поле | Название | Значение |
| |
Тип записи |
a |
| |
Библиографический уровень |
m |
| 001 |
Контрольный номер |
db022da9a72e4d61b0bb5dc5a550bf06 |
| 005 |
Дата корректировки |
20260403113925.8 |
| 020 |
Индекс ISBN |
__ |
| a |
ISBN |
978-5-00229-217-2 |
| c |
Цена, тираж |
78-61 |
| 040 |
Источник каталогиз. |
__ |
| a |
Служба первич. каталог. |
СЕГ |
| 041 |
Код языка издания |
0_ |
| a |
Код языка текста |
rus |
| 084 |
Индекс другой классификации/Индекс ББК |
__ |
| a |
Индекс другой классификации/Индекс ББК |
81.2Англ |
| 090 |
Шифры |
__ |
| a |
Полочн. индекс |
81.2Англ |
| c |
Каталожный индекс |
81.2Англ |
| x |
Авторский знак |
П 84 |
| 100 |
Автор |
1_ |
| a |
Автор |
Проценко Е. А. |
| 245 |
Заглавие |
10 |
| h |
Физич. носитель |
Текст |
| a |
Заглавие |
English: basics for law enforcement |
| b |
Продолж. заглавия |
учебник |
| c |
Ответственность |
Воронежский институт МВД России |
| 260 |
Выходные данные |
__ |
| a |
Место издания |
Воронеж |
| b |
Издательство |
Воронеж. ин-т МВД России |
| c |
Дата издания |
2025 |
| 300 |
Физическое описание |
__ |
| a |
Объем |
249 с. |
| b |
Иллюстрации/ тип воспроизводства |
ил. |
| 336 |
Вид содержания |
__ |
| a |
Термин вида содержания |
Текст |
| 337 |
Средство доступа |
__ |
| a |
Термин типа средства |
непосредственный |
| 650 |
Тематические рубрики |
14 |
| a |
Основная рубрика |
СОЦИАЛЬНЫЕ (ОБЩЕСТВЕННЫЕ) И ГУМАНИТАРНЫЕ НАУКИ |
| x |
Основная подрубрика |
ЯЗЫКОЗНАНИЕ |
| 653 |
Ключевые слова |
1_ |
| a |
Ключевые слова |
АНГЛИЙСКИЙ ЯЗЫК; ИНОСТРАННЫЙ ЯЗЫК; ИНОЯЗЫЧНАЯ КОМПЕТЕНЦИЯ; ЯЗЫКОВАЯ ПОДГОТОВКА |
| 700 |
Другие авторы |
12 |
| a |
Другие авторы |
Смолина Л. В. |
| 901 |
Тип документа |
__ |
| t |
Тип документа |
m |
| 905 |
Дата создания записи |
__ |
| a |
Дата создания записи |
20260403 |
| 952 |
Тип литературы |
__ |
| c |
Вид литературы |
учебная |
| c |
Вид литературы |
учебник |
| e |
Кафедра |
КАФЕДРА ИНОСТРАННОГО ЯЗЫКА И КУЛЬТУРЫ РЕЧИ |
| i |
Дисциплина |
ИНОСТРАННЫЙ ЯЗЫК |